000 00479nam a2200193 a 4500
001 11731
003 CO-ViMGA
008 141112s2004 ck r 000 u spa d
020 _a8449303559
040 _aCO-ViMGA
_bspa
_cCO-ViMGA
082 0 4 _a340.11 B17j
100 1 _aBarry, Brian
245 1 0 _aLa justicia como imparcialidad
250 _a1
260 _aBarcelon,
_cediciones Paidós Iberica,
_c1997
300 _a382 p.
650 1 4 _aJUSTICIA
_953555
942 _2ddc
_cBK
999 _c22893
_d22893